00458nam a2200145 a 450000100100000000500170001000800410002704000250006808200150009310000410010824500600014926000430020930000170025250000430026900003632620200930075654.0120113s1967 sp 000 0 spa d aDO-SdBNPbspacBNPHU axxxbS559d1 aShólojov, Mijaíl Alexándrovich13aEl don apacible /cMijaíl Alexándrovich Shólojov. aBarcelona, España :bPlaneta,c1967. av. ;c22 cm. aLa biblioteca solo posee el volumen II